Biggest Cities by South American Countries - Statistics

General Stats
  • This quiz has been taken 23 times
  • The average score is 17 of 36
Answer Stats
Country Cities Population % Correct
Argentina Buenos Aires 3,100,000
95%
Peru Lima 9,900,000
95%
Paraguay Asunción 525,000
90%
Brazil Rio de Janeiro 6,700,000
90%
Chile Santiago 5,700,000
90%
Brazil São Paulo 11,500,000
90%
Bolivia La Paz 820,000
86%
Uruguay Montevideo 1,300,000
86%
Ecuador Quito 2,000,000
86%
Colombia Bogotá 8,000,000
81%
Venezuela Caracas 2,900,000
81%
Brazil Brasília 3,100,000
76%
Colombia Medellín 2,600,000
71%
Guyana Georgetown 235,000
67%
Suriname Paramaribo 240,000
67%
Colombia Cali 2,300,000
62%
Ecuador Guayaquil 2,700,000
52%
Argentina Córdoba 1,600,000
43%
Venezuela Maracaibo 2,100,000
43%
Argentina Rosario 1,400,000
43%
Peru Trujillo 970,000
29%
Peru Arequipa 1,000,000
24%
Venezuela Valencia 1,800,000
24%
Paraguay Ciudad del Este 320,000
19%
Bolivia El Alto 1,000,000
19%
Guyana New Amsterdam 35,000
19%
Chile Antofagasta 430,000
14%
Bolivia Santa Cruz de la Sierra 2,100,000
14%
Ecuador Cuenca 640,000
10%
Uruguay Salto 105,000
10%
Chile Puente Alto 650,000
5%
Paraguay San Lorenzo 270,000
5%
Suriname Lelydorp 25,000
0%
Guyana Linden 45,000
0%
Suriname Nieuw Nickerie 13,000
0%
Uruguay Paysandú 95,000
0%
No matching quizzes found
Score Distribution
Percent of People with Each Score
Percentile by Number Answered
Your Score History
You have not taken this quiz